Decoding the new Taliban : (Record no. 14576)
[ view plain ]
| 000 -LEADER | |
|---|---|
| fixed length control field | 02047cam a2200301 a 4500 |
| 001 - CONTROL NUMBER | |
| control field | 15701564 |
| 005 - DATE AND TIME OF LATEST TRANSACTION | |
| control field | 20170105102858.0 |
| 008 - FIXED-LENGTH DATA ELEMENTS--GENERAL INFORMATION | |
| fixed length control field | 090416s2009 nyuab b 001 0 eng |
| 010 ## - LIBRARY OF CONGRESS CONTROL NUMBER | |
| LC control number | 2009015843 |
| 020 ## - INTERNATIONAL STANDARD BOOK NUMBER | |
| International Standard Book Number | 9780231701129 |
| 020 ## - INTERNATIONAL STANDARD BOOK NUMBER | |
| International Standard Book Number | 0231701128 |
| 035 ## - SYSTEM CONTROL NUMBER | |
| System control number | (OCoLC)ocn318971971 |
| 040 ## - CATALOGING SOURCE | |
| Original cataloging agency | DLC |
| Transcribing agency | DLC |
| Modifying agency | BTCTA |
| -- | YDXCP |
| -- | C#P |
| -- | VVC |
| -- | CDX |
| -- | DLC |
| 050 00 - LIBRARY OF CONGRESS CALL NUMBER | |
| Classification number | DS371.4 |
| Item number | .D43 2009 |
| 082 00 - DEWEY DECIMAL CLASSIFICATION NUMBER | |
| Classification number | 958.104/7 |
| Edition number | 22 |
| 245 00 - TITLE STATEMENT | |
| Title | Decoding the new Taliban : |
| Remainder of title | insights from the Afghan field / |
| Statement of responsibility, etc. | editor, Antonio Giustozzi. |
| 260 ## - PUBLICATION, DISTRIBUTION, ETC. | |
| Place of publication, distribution, etc. | New York : |
| Name of publisher, distributor, etc. | Columbia University Press, |
| Date of publication, distribution, etc. | c2009. |
| 300 ## - PHYSICAL DESCRIPTION | |
| Extent | xiii, 318 p. : |
| Other physical details | ill., maps ; |
| Dimensions | 23 cm. |
| 504 ## - BIBLIOGRAPHY, ETC. NOTE | |
| Bibliography, etc. note | Includes bibliographical references and index. |
| 505 0# - FORMATTED CONTENTS NOTE | |
| Formatted contents note | The Taliban and the opium trade / Gretchen S. Peters -- Reading the Taliban / Joanna Nathan -- The resurgence of the Taliban in Kabul: Logar and Wardak / Mohammad Osman Tariq Elias -- Loya Paktia's insurgency / Thomas Ruttig and Sébastien Trives -- The return of the Taliban in Andar district: Ghazni / Christoph Reuter and Borhan Younus -- The Taliban in Helmand: an oral history / Tom Coghlan -- Unruly commanders and violent power struggles: Taliban networks in Uruzgan / Martine van Bijlert -- Taliban in Zabul: a witness' account / Abdul Awwal Zabulwal -- What Kandahar's Taliban say / Graeme Smith -- The Taliban's marches: Herat, Farah, Baghdis and Ghor / Antonio Giustozzi -- Taliban and counter-insurgency in Kunar / David Kilcullen -- Northern exposure for the Taliban / Sippi Azerbaijani Moghaddam -- The Tehrik-e Taliban Pakistan / Claudio Franco. |
| 610 20 - SUBJECT ADDED ENTRY--CORPORATE NAME | |
| Corporate name or jurisdiction name as entry element | Taliban. |
| 650 #0 - SUBJECT ADDED ENTRY--TOPICAL TERM | |
| Topical term or geographic name entry element | Insurgency |
| Geographic subdivision | Afghanistan |
| General subdivision | History |
| Chronological subdivision | 21st century. |
| 651 #0 - SUBJECT ADDED ENTRY--GEOGRAPHIC NAME | |
| Geographic name | Afghanistan |
| General subdivision | Politics and government |
| Chronological subdivision | 2001- |
| 700 1# - ADDED ENTRY--PERSONAL NAME | |
| Personal name | Giustozzi, Antonio. |
| 906 ## - LOCAL DATA ELEMENT F, LDF (RLIN) | |
| a | 7 |
| b | cbc |
| c | orignew |
| d | 1 |
| e | ecip |
| f | 20 |
| g | y-gencatlg |
| 942 ## - ADDED ENTRY ELEMENTS (KOHA) | |
| Source of classification or shelving scheme | |
| Koha item type | Book |
| Withdrawn status | Lost status | Damaged status | Not for loan | Collection code | Permanent Location | Current Location | Shelving location | Date acquired | Total Checkouts | Full call number | Barcode | Date last seen | Price effective from | Koha item type | Date last checked out |
|---|---|---|---|---|---|---|---|---|---|---|---|---|---|---|---|
| Central Library (CL) | Central Library (CL) | General Stacks | 10/01/2013 | 4 | 958.1047DEC 2012 | CIPS0001207 | 02/09/2023 | 10/29/2013 | Book | 11/19/2020 | |||||
| Centre for International Peace & Stability (CIPS) | Centre for International Peace & Stability (CIPS) | General Stacks | 09/10/2013 | 958.1047 DEC 2009 | CIPS0000967 | 09/12/2013 | 09/12/2013 | Book |
